000 00335nam a22001457a 4500
008 231127b ||||| |||| 00| 0 eng d
020 _a0300040873
041 _aeng
080 _a618
082 _a618WER
100 _a14
101 _aGJINE
245 _aLYING IN A HISTORY OF CHILDBIRTH IN AMERICA
_cWERTZ .W.R
942 _2udc
_cBK
999 _c60542
_d60542